| 000 | 00890nam a2200277 i 4500 | ||
|---|---|---|---|
| 001 | 15227 | ||
| 003 | ES-MaACL | ||
| 005 | 20240603180908.0 | ||
| 007 | t| | ||
| 008 | 000119s1999 sp af ||||1|dspa d | ||
| 020 | _a84-306-0360-3 | ||
| 080 | _a32-055.2(460)"1936/39" | ||
| 080 | _a94(460)"1936/39" | ||
| 100 | 1 |
_aNash, Mary. _984963 |
|
| 245 | 1 | 0 |
_aRojas _b: las mujeres republicanas en la guerra civil / _cMary Nash ; traducción de Irene Cifuentes. |
| 250 | _a2ª ed. | ||
| 260 |
_aMadrid : _bTaurus, _c1999. |
||
| 300 |
_a358 p., [32] p. de lám. ; _c24 cm. |
||
| 490 | 1 | _aPensamiento | |
| 650 | 1 | 4 |
_aMujeres en la política- _zEspaña _915336 |
| 651 | 4 |
_aEspaña- _xHistoria- _y1936-1939, Guerra civil- _xMujeres. _98308 |
|
| 700 | 1 |
_aCifuentes de Castro, Irene. _938810 |
|
| 830 | 0 |
_aPensamiento _9178722 |
|
| 852 |
_aES-MaACL _jL-22385 |
||
| 999 |
_c15227 _d15227 |
||